| 000 | 00407nam a2200193 4500 | ||
|---|---|---|---|
| 001 | 24520 | ||
| 005 | 20230410143330.0 | ||
| 008 | 060907n19uu dr spa | ||
| 020 | _a284902097-4 | ||
| 035 | _9funglode24700 | ||
| 041 | _aFR | ||
| 050 | 1 | 4 | _aASTRY |
| 110 | _aLe robert | ||
| 245 | 1 | _aLe petit decorur | |
| 250 | _aLe robert | ||
| 260 | _aparis | ||
| 300 | _a259p. | ||
| 942 |
_2lcc _cbk |
||
| 999 |
_c99731 _d99731 |
||